00394nam a2200169Ia 4500003000400000005001700004008004100021040000700062041000800069082002200077100001500099245002600114260004300140365000800183650001900191650001400210OSt20230607180716.0210423s1990 xx 000 0 und d cAL aeng a305.56 223bAHIB aAHIR (D C) aBuddhism and ambedkar aNew DelhibDalit Sahitya Academyc1990 cINR aSocial Classes aSociology